| 000 | 00790nam a2200217 a 4500 | ||
|---|---|---|---|
| 001 | 000017452 | ||
| 005 | 20200929165122.0 | ||
| 008 | 100324s2004 cu ag 000 0 spa d | ||
| 020 | _a9591008821 | ||
| 040 |
_aDO-SdBNP _bspa _cBNPHU |
||
| 082 |
_a927.91 _bV712b |
||
| 245 | 0 | 0 |
_aBola de nieve / _cedición Nisleidys Flores Carmona ; selección de textos, anexos y notas Miguelito Ojeda. |
| 250 | _aEdicción corregida y aumentada | ||
| 260 |
_aLa Habana : _bLetras Cubanas, _c2004. |
||
| 300 |
_a124 p. : _bil., mús ; _c19 cm. |
||
| 500 | _aIncluye bibliografías :p. 123-124 | ||
| 600 | 1 | 0 |
_aVILLA Y FERNÁNDEZ, IGNACIO JACINTO, _y1911-1972 _938161 |
| 650 | 4 |
_aMúsicos cubanos _xBiografía _938162 |
|
| 700 | 1 |
_aFlores Carmona, Nisleidys, _eed. _92952 |
|
| 700 | 1 |
_aOjeda, Miguelito _938163 |
|
| 999 |
_c16977 _d16977 |
||